000 00224nam a22001097a 4500
100 _aWebster
245 _aThe merriam webster dictionary
250 _a2012
260 _bMerriam -webster
300 _a931
942 _2ddc
_cDB
999 _c10975
_d10975